1134 1526 1543 1896 1459 1916 1264 1763 1547 1379 1976 1621 1570 1869 1594 1245 1493 1444 1732 1263 1035 1689 1430 1135 1530 1400 1425 1957 1074 1943 1602 1396 1960 1130 1180 1883 1573 1516 1022 1981 1164 1057 1401 1585 1840 1142 1716 1536 1378 1367 1060 1774 1822 1636 1941 1396 1997 1695 1468 1873 1807 1750 1553 1198 1953 1490 1815 1645 1554 1481 1897 1599 1331 1290 1574 1107 1178 1904 1142 1663 1667 1107 1417 1118 1032 1466 1476 1823 1359 1606 1276 1313 1569 1186 1319 1807 1002 1468 1667 BCNSPRNW ULIB Ver.6.0+V

เปลี่ยนเป็นภาษาไทย

Change to English
 แสดงรายละเอียดบรรณานุกรม
  กลับหน้าหลัก

Brief Record : Get Marc (ISO 2709) : E-mail record : QR code < ปิดหน้าต่าง
LEADER : 00000nam 2200000uu 4500
001    13399110995
003     ULIB
008    110614s||||||||th 000 0 tha d
020    9789747492736(ล.2)
050 04 AC159^bภ375ค ล.2 2550
100 0  ภัทราพร สังข์พวงทอง
245 10 ความรู้นอกกะลา 2 (ฉบับนี้มีกลิ่น) /^cภัทราพร สังข์พวงทอง
250    พิมพ์ครั้งที่ 1
260    กรุงเทพฯ :^bพิมพ์บูรพา,^c2550
300    [119] หน้า :^bภาพประกอบ
650  7 ความรู้ทั่วไป
650  7 กลิ่น
650  7 รองเท้า
650  7 ขยะ
945    ^p200^l0^i022957
995    ทศพร
999 ^a ใช้งานได้ทุกระบบ
รายการนี้ยังไม่มีแท็ก
คุณยังไม่ได้ล็อกอิน คุณสามารถมีกิจกรรมร่วมกับเว็บไซต์ได้ แต่ต้องล็อกอินก่อน ::
  ล็อกอิน

รายการสื่อสารสนเทศ

ลำดับที่ ประเภท เลขเรียก/บาร์โค้ด สถานที่ สถานะ
- ไม่พบข้อมูล -

รายการใกล้เคียง
    ผู้แต่ง [ภัทราพร สังข์พวงทอง]

    หัวเรื่อง [ความรู้ทั่วไป]
    หัวเรื่อง [กลิ่น]
    หัวเรื่อง [รองเท้า]
    หัวเรื่อง [ขยะ]

BibComment


ยังไม่เคยถูกคอมเมนท์

คอมเมนท์ทรัพยากรรายการนี้
  คอมเมนท์: ความรู้นอกกะลา 2 ..


 Copyright 2026. Bcnsprnw @Library